000 00533nam a22001817a 4500
005 20241108173150.0
008 241108b |||||||| |||| 00| 0 eng d
020 _a9780538468282
050 _aHD57.7
_b.D732 DAF
100 _aDaft Richard L.
245 _aLeadership/
_cRichard L. Daft assit. by Patricia G. Lane
250 _a5th Ed.
260 _aAustralia;
_bCengage Learning;
_c2011
300 _axviii. 509p.;
_bill. col.;
_c25.5 cm x 20.5 cm
500 _aIncludes index
650 _2Leadership
942 _2lcc
_cBK
_e5th Ed.
_n0
999 _c931
_d931